music for a sushi restaurant by harry styles(ALL LYRICS) - Statistics

General Stats
  • This quiz has been taken 116 times
  • The average score is 142 of 219
Answer Stats
Hint Answer % Correct
i
97%
I
97%
a
96%
you
93%
You
93%
| intro ba
88%
[Chorus] | [Bridge] | [Chorus] | [Interlude] Ba
88%
Verse 1 green
86%
an
85%
on
85%
fried
80%
could
79%
Could
79%
egg
79%
for
78%
rice
78%
cook
77%
Music
77%
to
77%
want
77%
sushi
76%
eyes
75%
love
75%
restaurant
74%
babe
73%
go
73%
in
73%
In
73%
of
72%
get
71%
know
71%
little
71%
don't
70%
Just
70%
just
70%
kind
70%
lost
70%
every
69%
taste
68%
way
67%
the
66%
ice
64%
'cause
63%
coffee
61%
broke
60%
stove
60%
night
59%
time
58%
game
57%
late
56%
tea
55%
whatever
53%
[Interlude] It's
52%
me
52%
flake
49%
cream
48%
sweet
48%
blue
47%
[Verse 2] Excuse
46%
youre
44%
bubblegum
43%
use
43%
we
43%
but
41%
and
39%
[Pre-Chorus] I'm
37%
oh
36%
were
36%
If
35%
stars
35%
twisted
35%
'round
34%
edible
33%
from
33%
not
32%
hearts
31%
never
31%
our
29%
going
28%
live
28%
with
28%
yeah
28%
cool
27%
on you
27%
or two
25%
full
24%
ba-ba
23%
Ba-ba
23%
you want
19%
staying
18%
your tounge
4%
Scuba-duba-bdubub-booo
0%
No matching quizzes found
Score Distribution
Percent of People with Each Score
Percentile by Number Answered
Your Score History
You have not taken this quiz